000 00674nam a2200145 a 4500
008 130304s2012 ||||||||||||||||| || u
050 _aTHESIS/MBA
100 _aLungu, Chisepo
245 1 0 _aICTs in Zambia: analysis of their growth, growth catalysts and constraints and the role of competition in their development
_cby Chisepo Lungu
260 _aKitwe:
_bCopperbelt University, School of Business, Department of Postgraduate studies
_c2012
300 _axii, 99p.: ill.
500 _aBibliography
650 _aICTs--DEVELOPMENT--ZAMBIA
995 _FCBU-MAIN LIBRARY (Kitwe)
_M1
_UAVAILABLE
_WMar 4, 2013
_ZUniversity Collection
999 _c46106
_d46106